Normal view
MARC view
Entry Topical Term
001 - CONTROL NUMBER
- control field: 55064
003 - CONTROL NUMBER IDENTIFIER
- control field: dpl
005 - DATE AND TIME OF LATEST TRANSACTION
- control field: 20130207162239.0
008 - FIXED-LENGTH DATA ELEMENTS
- fixed length control field: 130207|||a|||||| | ||| d
040 ## - CATALOGING SOURCE
- Original cataloging agency: dpl
- Transcribing agency: dpl
150 ## - HEADING--TOPICAL TERM
- Topical term or geographic name as entry element: Friendship
- Form subdivision: Fiction.
670 ## - SOURCE DATA FOUND
- Source citation: Work cat.: (dpl)63774: Gore, Rohit 55062, A darker dawn /, 2011
670 ## - SOURCE DATA FOUND
- Source citation: Work cat.: (dpl)63774: Gore, Rohit 55062, A darker dawn /, 2011
